000
00313nam a2200109Ia 4500
008
200302s9999 xx 000 0 und d
100
_a
M. F. Chaplin
245
_a
Going Metric in the Construction Industry 2. Dimensional Co-Ordination
260
_b
Her Majesty s Stationery Office
260
_c
1968
300
_a
47 P.,
999
_c
507
_d
507